000 01101nam a22001817a 4500
005 20260127155517.0
008 230725b ||||| |||| 00| 0 eng d
040 _cSSBUL
_dSSBUL
082 _223
_a၂၉၄.၃၄၃၅၀၉၅၉၁၂၈ မြတ် ၁၄၈၄၉ (S-KM )
245 _aမြတ်မော်တင်နှင့် ပုသိမ်ဧရာတန်ခိုးကြီးဘုရားများလမ်းညွှန် /
260 _aပုသိမ်၊
_bမြတ်မော်တင်ဘုရားပွဲတော်ကျင်းပရေးဦးစီးကော်မတီ၊
_c၁၉၈၄။
300 _a၆၀ စာမျက်နှာ၊
_bရောင်စုံဓာတ်ပုံ၊
_c၂၁ စင်တီ။
500 _aS-SAT: Dr. Prof Sai Aung Tun
650 _aလမ်းညွှန်
_xစေတီပုထိုး။
_928375
650 _aစေတီပုထိုး
_zပုသိမ်။
_928376
650 _aစေတီပုထိုး
_zဧရာဝတီတိုင်း။
_928377
942 _2ddc
_cBK1
999 _c27535
_d27535